Opening Day Lineups: St. Louis Cardinals - Statistics

General Stats
  • This quiz has been taken 848 times
    20 since last reset
  • The average score is 38 of 58
Answer Stats
# Starts Answer % Correct
5 Adam Wainwright
100%
3 Albert Pujols
100%
13 Yadier Molina
100%
4 Jordan Walker
93%
2 Lars Nootbaar
93%
3 Miles Mikolas
93%
5 Nolan Arenado
93%
6 Paul Goldschmidt
93%
3 Alec Burleson
86%
2 Chris Carpenter
86%
3 Harrison Bader
86%
2 Iván Herrera
86%
1 JJ Wetherholt
86%
6 Kolten Wong
86%
3 Masyn Winn
86%
8 Matt Carpenter
86%
1 Matthew Liberatore
86%
3 Nolan Gorman
86%
1 Pedro Pagés
86%
1 Sonny Gray
86%
3 Victor Scott II
86%
3 Brendan Donovan
79%
3 David Freese
79%
1 Nathan Church
79%
5 Paul DeJong
79%
4 Tommy Edman
79%
3 Willson Contreras
79%
4 Dexter Fowler
71%
7 Matt Holliday
71%
2 Lance Berkman
64%
2 Matt Adams
64%
4 Tyler O'Neill
64%
1 Jason Heyward
57%
3 Jhonny Peralta
57%
2 Allen Craig
50%
2 Carlos Martinez
50%
2 Dylan Carlson
50%
2 Jack Flaherty
50%
2 Jedd Gyorko
50%
3 Jon Jay
50%
1 Rafael Furcal
50%
4 Tommy Pham
50%
1 Aledmys Díaz
43%
1 José Martinez
43%
2 Marcell Ozuna
43%
2 Stephen Piscotty
43%
2 Carlos Beltrán
36%
2 Colby Rasmus
36%
1 Justin Williams
36%
1 Pete Kozma
36%
1 Peter Bourjos
36%
2 Randal Grichuk
36%
1 Brendan Ryan
29%
2 Daniel Descalso
29%
1 Kyle Lohse
29%
1 Ryan Ludwick
29%
1 Ryan Theriot
29%
2 Skip Schumaker
29%
No matching quizzes found
Score Distribution
Percent of People with Each Score
Percentile by Number Answered
Your Score History
You have not taken this quiz since the last reset